[Event "Camaguey Province-ch sf"]
[Site "Camaguey"]
[Date "2009.08.25"]
[Round "11"]
[White "Carrion Melendez, Ernesto"]
[Black "Rodriguez Turino, Ladislao"]
[Result "1/2-1/2"]
[WhiteElo "2016"]
[BlackElo "2240"]
[PlyCount "93"]
[EventDate "2009.08.15"]
[EventType "tourn"]
[EventRounds "17"]
[EventCountry "CUB"]
[EventCategory "1"]
[SourceTitle "EXT 2012"]
[Source "ChessBase"]
[SourceDate "2011.11.24"]
[SourceVersion "1"]
[SourceVersionDate "2011.11.24"]
[SourceQuality "1"]

1. d4 e6 2. Nf3 f5 3. Bg5 Be7 4. Bxe7 Qxe7 5. c3 Nf6 6. Nbd2 0-0 7. Qc2 d6 8. e4 Nbd7 9. Bd3 fxe4 10. Nxe4 Nxe4 11. Bxe4 Nf6 12. 0-0 Nxe4 13. Qxe4 Rb8 14. Rfe1 Bd7 15. c4 Qf6 16. Rad1 Rfe8 17. Qd3 Bc6 18. d5 Bd7 19. c5 exd5 20. Rxe8+ Bxe8 21. cxd6 Qxd6 22. Qxd5+ Qxd5 23. Rxd5 Bc6 24. Rd3 Re8 25. h3 Re2 26. Nd4 Re1+ 27. Kh2 Be4 28. Rd2 c6 29. Re2 Rxe2 30. Nxe2 Kf7 31. Nc3 Bd3 32. Kg3 Ke6 33. f4 b5 34. b4 c5 35. a3 cxb4 36. axb4 a5 37. bxa5 b4 38. Nd1 Kd5 39. Kf2 Kc5 40. Ke3 Bf1 41. Kf2 Ba6 42. Ke3 Kb5 43. g4 Kxa5 44. f5 h6 45. h4 Ka4 46. g5 hxg5 47. hxg5 1/2-1/2

[Event "Camaguey Province-ch sf"]
[Site "Camaguey"]
[Date "2009.08.24"]
[Round "10"]
[White "Torres Delgado, Walfrido"]
[Black "Carrion Melendez, Ernesto"]
[Result "1/2-1/2"]
[WhiteElo "2003"]
[BlackElo "2016"]
[PlyCount "26"]
[EventDate "2009.08.15"]
[EventType "tourn"]
[EventRounds "17"]
[EventCountry "CUB"]
[EventCategory "1"]
[SourceTitle "EXT 2012"]
[Source "ChessBase"]
[SourceDate "2011.11.24"]
[SourceVersion "1"]
[SourceVersionDate "2011.11.24"]
[SourceQuality "1"]

1. e4 c5 2. Nf3 d6 3. d4 cxd4 4. Nxd4 Nf6 5. Nc3 g6 6. Be3 Bg7 7. f3 0-0 8. Bc4 Nc6 9. Qd2 Bd7 10. 0-0-0 Ne5 11. Bb3 Rc8 12. h4 Nc4 13. Bxc4 Rxc4 1/2-1/2

[Event "Camaguey Province-ch sf"]
[Site "Camaguey"]
[Date "2009.08.15"]
[Round "1"]
[White "Diaz Quesada, George"]
[Black "Carrion Melendez, Ernesto"]
[Result "1-0"]
[WhiteElo "2161"]
[BlackElo "2016"]
[PlyCount "89"]
[EventDate "2009.08.15"]
[EventType "tourn"]
[EventRounds "17"]
[EventCountry "CUB"]
[EventCategory "1"]
[SourceTitle "EXT 2012"]
[Source "ChessBase"]
[SourceDate "2011.11.24"]
[SourceVersion "1"]
[SourceVersionDate "2011.11.24"]
[SourceQuality "1"]

1. e4 c5 2. Nc3 Nc6 3. f4 d6 4. Bc4 g6 5. Nf3 Bg7 6. d3 e6 7. f5 gxf5 8. exf5 d5 9. Bb3 Nge7 10. fxe6 Bxe6 11. 0-0 h6 12. Ne2 c4 13. dxc4 dxc4 14. Qxd8+ Rxd8 15. Ba4 0-0 16. c3 Bf5 17. Be3 Bd3 18. Rfe1 Nd5 19. Bf2 Rfe8 20. Ned4 Rxe1+ 21. Rxe1 Nxd4 22. Nxd4 a6 23. Bd1 b5 24. a3 Nf4 25. Nc6 Rd6 26. Bf3 Bc2 27. Bg3 Rf6 28. Bxf4 Rxf4 29. Nb4 Bg6 30. Nxa6 Rf6 31. Nc7 Rd6 32. Nxb5 Rb6 33. a4 Bc2 34. Bd1 Bd3 35. Re3 Bf8 36. b4 Bg7 37. Re8+ Kh7 38. Be2 Bxe2 39. Rxe2 f5 40. Re7 Kg6 41. Rc7 Re6 42. a5 Re1+ 43. Kf2 Ra1 44. Rc6+ Kg5 45. a6 1-0